MESTSKÁ KNIŽNICA GIRALTOVCE  - online katalóg 

Hvezdáreň Hurbanovo (Record no. 19682)

000 -NÁVESTIE
fixed length control field 00924nam a2200253 a 4500
008 - ÚDAJE S PEVNOU DĹŽKOU – VŠEOBECNÉ INFORMÁCIE
fixed length control field 951031s1993||||xo 0 slo c
020 ## - MEDZINÁRODNÉ ŠTANDARDNÉ ČÍSLO KNIHY (ISBN)
Medzinárodné štandardné číslo knihy (ISBN) 808522108X
Údaje o dostupnosti 10
040 ## - ZDROJ KATALOGIZÁCIE
Pôvodná katalogizujúca agentúra SNK
Jazyk katalogizácie slo
Prepisujúca agentúra SNK
Konvencie popisu AACR2
041 1# - KÓD JAZYKA
Kód jazyka textu/zvukovej stopy alebo samostatných nápisov slo
044 ## - KÓD KRAJINY VYDAVATEĽA/PRODUCENTA
Kód krajiny MARC xo
Kód krajiny ISO SK
080 ## - ČÍSLO MEDZINÁRODNÉHO DESATINNÉHO TRIEDENIA (MDT)
Číslo Medzinárodného desatinného triedenia (MDT) 520.98(437.617)(084.12)
100 1# - OSOBNÉ MENÁ – VŠEOBECNÉ INFORMÁCIE
Osobné meno Druga, Ladislav
Kód roly aut
245 10 - NÁZOV
Názov Hvezdáreň Hurbanovo
Údaj o zodpovednosti atď. Ladislav Druga ; Fotogr. Milan Antal, Eugen Szücs
246 10 - INÁ FORMA NÁZVU
Hlavný názov/skrátený názov Die Sternwarte Hurbanovo
246 10 - INÁ FORMA NÁZVU
Hlavný názov/skrátený názov Astronomical Observatory Hurbanovo
250 ## - ÚDAJ O PORADÍ VYDANIA
Údaj o poradí vydania 1. vyd.
260 ## - VYDAVATEĽSKÉ ÚDAJE, DISTRIBÚCIA ATĎ.
Miesto publikovania, distribúcie atď. Hurbanovo
Názov vydavateľa, distibútora atď. Slovenské ústredie amatérskej astronómie
Dátum publikovania, distribúcie atď. 1993
Miesto výroby Nitra
Výrobca Nitrianske tlačiarne
300 ## - FYZICKÝ POPIS
Rozsah 64 s.
Ďalšie fyzické detaily Súbež. úv. nem. a angl., noty
Rozmery 22 cm
500 ## - VŠEOBECNÁ POZNÁMKA
Formátovaná poznámka o obsahu Vyd. pri prílež. 150. výr. narodenia zakladateľa hvezdárne v Hurbanove, Dr. Mikuláša Konkolyho-Thege
500 ## - VŠEOBECNÁ POZNÁMKA
Formátovaná poznámka o obsahu Ilustr. na tit. liste
700 1# - PRIDANÝ VSTUP – OSOBNÉ MENO
Osobné meno Antal, Milan
Kód roly pht
700 1# - PRIDANÝ VSTUP – OSOBNÉ MENO
Osobné meno Szücs, Eugen
Kód roly pht
958 ## - Formálny deskriptor
Formálny deskriptor AJP
Holdings
Stav stiahnutia (Blokovanie) (Withrawn status) Stav straty Stav poškodenia (Damaged status) Nie pre výpožičky (Not for loan) Spôsob nadobudnutia (Collection code) Trvalé umiestnenie Aktuálne umiestnenie Dátum nadobudnutia Náklady, bežná kúpna cena Inventárne číslo (prírastkové číslo) Full call number Dátum posledného výskytu Cena s účinnosťou od Typ jednotky Koha
        Kúpa Mestská knižnica Giraltovce Mestská knižnica Giraltovce 2019-11-29 10.00 18198 I 1501 2019-11-29 2019-11-29 Odborná literatúra pre dospelých

Powered by Koha